| 000 | 00000nam##2200000za#4500 |
| 001 | 9.526447 |
| 003 | CaOODSP |
| 005 | 20220623094107 |
| 007 | ta |
| 008 | 150406|1995||||xxc||||| f|0| 0 fre|d |
| 020 | |a0-662-62097-6 |
| 040 | |aCaOODSP|bfre |
| 041 | |aeng |
| 041 | |afre |
| 043 | |an-cn--- |
| 086 | 1 |aC21-23/10 |
| 110 | 1 |aCanada.|bIndustrie Canada. |bDirection de l'analyse micro-économique. |
| 245 | 10|aInnovation endogène et croissance : |bconséquences du point de vue canadien / |cpar Pierre Fortin et Elhanan Helpman. |
| 260 | |aOttawa - Ontario : |bIndustrie Canada. |c1995. |
| 300 | |aTexte français, iv, 66p. : |bgraphiques, tableaux ; |c23 cm. |
| 490 | 1 |aDocument hors série|vN° 10, août 1995 |
| 500 | |aSommaire: Introduction.--Le revenu réel et la productivité au Canada.--Les éléments de la croissance.--L'innovation endogène.--L'interdépendance internationale.--Bibliographie. |
| 504 | |aBibliographie. |
| 546 | |aBilingue |
| 563 | |aCouverture souple |
| 590 | |a95-43|b1995-10-27 |
| 691 | 07|aÉconomie|2gcpds |
| 720 | 1 |aFortin, Pierre |
| 720 | 1 |aHelpman, Elhanan |
| 776 | 0#|tEndogenous innovation and growth - implications for Canada : |w(CaOODSP)9.570603 |
| 776 | 0#|tInnovation endogène et croissance : conséquences du point de vue canadien : |w(CaOODSP)9.601250 |
| 791 | |tEndogenous innovation and growth : |eeng|w(CaOODSP)9.526446 |
| 830 | #0|aDocument hors série (Canada. Industrie Canada)|vN° 10, août 1995|w(CaOODSP)9.509051 |